Statistics for 2013 FIFA FIFPro World XI

Click here to take the quiz!

General Stats

  • This quiz has been taken 41 times
  • The average score is 10 of 11

Answer Stats

Pos.ClubPlayer% Correct
MFBarcelonaAndres Iniesta
100%
FWReal MadridCristiano Ronaldo
100%
FWBarcelonaLionel Messi
100%
GKBayern MunichManuel Neuer
100%
DEFReal MadridSergio Ramos
100%
MFBarcelonaXavi
100%
FWParis Saint-GermainZlatan Ibrahimovic
97%
DEFBayern MunichPhilipp Lahm
94%
DEFParis Saint-GermainThiago Silva
94%
DEFBarcelonaDani Alves
91%
MFBayern MunichFranck Ribery
20%

Score Distribution

Percentile by Number Answered

Percent of People with Each Score

Your Score History

You have not taken this quiz